<?xml version="1.0" encoding="UTF-8"?>
<collection xmlns="http://www.loc.gov/MARC21/slim">
  <record>
    <leader>00000nam  2200000   4500</leader>
    <controlfield tag="001">INLIS000000000018289</controlfield>
    <controlfield tag="005">20240924085034</controlfield>
    <datafield tag="035" ind1="#" ind2="#">
      <subfield code="a">0010-0924000118</subfield>
    </datafield>
    <controlfield tag="007">ta</controlfield>
    <controlfield tag="008">240924###########################0######</controlfield>
    <datafield tag="245" ind1="#" ind2="#">
      <subfield code="a">PA'MA :</subfield>
      <subfield code="b">Upgrading UMKM Tamalate Optimalisasi UMKM /</subfield>
      <subfield code="c">Saddam Musma, S.STP., M.Si., N.I.P</subfield>
    </datafield>
    <datafield tag="260" ind1="#" ind2="#">
      <subfield code="a">Makassar :</subfield>
      <subfield code="b">Puslatbang KMP LAN RI Makassar,</subfield>
      <subfield code="c">2024</subfield>
    </datafield>
    <datafield tag="300" ind1="#" ind2="#">
      <subfield code="a">15 ;</subfield>
      <subfield code="c">30</subfield>
    </datafield>
    <datafield tag="650" ind1="#" ind2="4">
      <subfield code="a">Pengembangan pelaku usaha UMKM</subfield>
    </datafield>
    <datafield tag="700" ind1=" " ind2="#">
      <subfield code="a">H.Emil Yudiyanto Tajuddin, S.E., M.Si (Mentor)</subfield>
    </datafield>
    <datafield tag="700" ind1=" " ind2="#">
      <subfield code="a">Andi Wahyudin, S.E., M.Si (Coach)</subfield>
    </datafield>
    <datafield tag="520" ind1="#" ind2="#">
      <subfield code="a">Tamalate adalah salahempunyai 15 Kecamatan yang ada di Kota Makassar, Tamalalam memendukung erbagal potensi yang dapat Mrembangkan daldan pengembanga kedudukan Kota Makassar dibagai pelayanandan pengembangan di provinsi Sulawesi Selatan bahkan sebagai pusat pelayanan bagi kawasan timur indehatan bambentukan Kecamatanenaplate pada tahun 1960 setelah Pemerintah Indonesiah menetapkan reorganisasi distrik metelah kecamatan di seluruh wilayah Indonesia. pemerintah ingenjadi menetapkan perluasan wilayah kotamadya ujung pandang pada tahun 1971 Selain peraturan pemerintah Nomandang pada 1971.Sehingga saat ini luas wilayah Kecamatan Tamalate 20.21 Kun yang terbagi menjadi 11 Kelurahan, 113 RW dan 566 RT dan Jumlah Penduduk sekitar 186.280 Jiwa. Sebelah Utara berbatasan dengan Kecamatan Mamajangan Sebelah Timur berbatasan dengan Kabupaten Gowa, Sebelah Selatan Berbatasan dengan Kabupaten Takalar, dan Sebelah barat berbatasan dengan Selat akassar Terdapat146 Fasilitas Pendidikan, 100 Fasilitas olahraga, 1 Fasilitas Kesehatan, dan 183 Sarana ibadah.&#13;
Keunggulan dari Aksi perubahan "UPA'MA" ialah bukan hanya menjadi inovasi digital berupa fitur pada website "UPA'MA" Namun aksi perubahan "UPA'MA' juga memiliki banyak aksi dengan Beragam inisiatif pembuatan Program "UPA'MA" memiliki pilihan system yaitu: Membantu memasarkan UMKM, Pembayaran ATAU Transaksi melaui virtual account atau QRIS.</subfield>
    </datafield>
    <datafield tag="856" ind1="#" ind2="#">
      <subfield code="a">Puslatbang KMP LAN RI Makassar</subfield>
    </datafield>
  </record>
</collection>
